Nba draft 2024-2025 season - Statistics

General Stats
  • This quiz has been taken 109 times
  • The average score is 22 of 60
Answer Stats
Hint Answer % Correct
2 Wizards Alex Sarr
96%
1 Hawks Zaccharie Risacher
92%
4 Spurs Stephon Castle
91%
3 Rockets Reed Sheppard
83%
9 Grizzlies Zach Edey
83%
11 Bulls Matas Buzelis
77%
8 Timberwolves Rob Dillingham
71%
16 76ers Jared McCain
70%
5 Pistons Ron Holland
68%
17 Lakers Dalton Knecht
66%
7 Trail Blazers Donovan Clingan
66%
15 Heat Kel’el Ware
61%
14 Wizards Bub Carrington
60%
10 Jazz Cody Williams
59%
6 Hornets Tidjane Salaun
57%
12 Thunder Nikola Topic
53%
21 Pelicans Yves Missi
48%
29 Jazz Isaiah Collier
47%
24 Wizards Kyshawn George
47%
39 Grizzlies Jaylen Wells
45%
55 Lakers Bronny James
43%
18 Magic Tristan da Silva
43%
23 Bucks AJ Johnson
41%
13 Kings Devin Carter
40%
28 Subs Ryan Dunn
38%
19 Raptors Ja’Kobe Walter
35%
27 Timberwolves Terrence Shannon
35%
30 Celtics Baylor Scheierman
33%
32 Jazz Kyle Filipowski
33%
25 Knicks Pacome Dadiet
30%
20 Cavs Jaylon Tyson
29%
52 Warriors Quinten Post
27%
33 Bucks Tyler Smith
27%
22 Nuggets DaRon Holmes
26%
34 Knicks Tyler Kolek
26%
26 Wizards Dillon Jones
25%
45 Raptors Jamal Shead
24%
35 Pacers Johnny Furphy
24%
58 Knicks Ariel Hukporti
21%
31 Raptors Jonathan Mogbo
21%
38 Thubder Ajay Mitchell
18%
40 Suns Oso Ighodaro
17%
44 Heat Pelle Larsson
16%
37 Pistons Bobi Klintman
14%
53 Warriors Cam Spencer
14%
48 Spurs Harrison Ingram
14%
46 Clippers Cam Christie
13%
41 76ers Adem Bona
12%
54 Celtics Anton Watson
12%
Undrafted 76ers Justin Edwards
12%
56 Knicks Kevin McCullar
12%
42 Hornets KJ Simpson
11%
47 Pelicans Antonio Reeves
10%
51 Mavericks Melvin Ajinca
10%
49 Pacers Tristen Newton
10%
36 Spurs Juan Nunez
9%
57 Raptors Ulrich Chomche
9%
50 Pacers Enrique Freeman
8%
Undrafted Nuggets Pj Hall
7%
43 Heat Nikola Djurisic
5%
No matching quizzes found
Score Distribution
Percent of People with Each Score
Percentile by Number Answered
Your Score History
You have not taken this quiz